Le sujet et l'objet : Implications.

Saved in:
Bibliografiske detaljer
Institution som forfatter: Séminaire d'interrogations sur les savoirs et les sciences
Andre forfattere: Bailly, Francis (contributions), Dayan-Herzbrun, Sonia (contributions), Feldman, Jacqueline (contributions), Fellous, Michèle (contributions), Gavarini, Laurence (contributions), Jandrot-Louka, Francoise (contributions), Jenny, Jacques (contributions), Laborie, Francoise (contributions), Lage, Élisabeth (contributions), Louka, Jean-Michele (contributions), Maho, Jacques (contributions), Markiewicz-Lagneau, Janina (contributions), Moreau de Bellaing, Louis (contributions), de Panafieu, Bruno (contributions), Stewart, John (contributions), Verlet, Loup (contributions)
Format: Conference Proceeding Bog
Udgivet: Paris, France: Editions du Centre National de la Recherche Scientifique, 1986.
Fag:
Tags: Tilføj Tag
Ingen Tags, Vær først til at tagge denne postø!

MARC

LEADER 00000nam a22000007a 4500
003 CL-VaPUC
005 20220822114858.0
008 220811t1986 ||||| |||| 00| 0 eng d
999 |c 438261  |d 438259 
020 |a 2-222-03837-5 
040 |c Pontificia Universidad Católica de Valparaíso 
082 7 |a 501 CEN 1986  |2 22 
111 |a Séminaire d'interrogations sur les savoirs et les sciences.  |d (1982-1983)  |9 875372 
245 |a Le sujet et l'objet :  |b Implications. 
260 |a Paris, France:  |b Editions du Centre National de la Recherche Scientifique,  |c 1986. 
300 |a 309 páginas. 
500 |a c.1 Donación Familia Prof. Alejandro Guzmán Brito. 
500 |a Centre régional de publications du C.N.R.S. de Meudon-Bellevue. 
583 |c 20220811  |k Catalogador Asistente 
650 |a Conocimiento  |x Ensayos  |9 875419 
650 |a Filosofía científica  |9 875420 
700 |a Bailly, Francis  |e contributions  |9 875373 
700 |a Dayan-Herzbrun, Sonia  |e contributions  |9 875374 
700 |a Feldman, Jacqueline  |e contributions  |9 875375 
700 |a Fellous, Michèle  |e contributions  |9 875376 
700 |a Gavarini, Laurence  |e contributions  |9 875377 
700 |a Jandrot-Louka, Francoise  |e contributions  |9 875378 
700 |a Jenny, Jacques  |e contributions  |9 875379 
700 |a Laborie, Francoise  |e contributions  |9 875380 
700 |a Lage, Élisabeth  |e contributions  |9 875381 
700 |a Louka, Jean-Michele  |e contributions  |9 875382 
700 |a Maho, Jacques  |e contributions  |9 875383 
700 |a Markiewicz-Lagneau, Janina  |e contributions  |9 875384 
700 |a Moreau de Bellaing, Louis  |e contributions  |9 875385 
700 |a de Panafieu, Bruno  |e contributions  |9 875386 
700 |a Stewart, John  |e contributions  |9 875387 
700 |a Verlet, Loup  |e contributions  |9 875388 
942 |2 ddc  |c BK  |n 0 
952 |0 0  |1 0  |2 ddc  |4 0  |6 501_000000000000000_CEN_1986  |7 1  |8 C_AGB  |9 586141  |a BIBDER  |b BIBDER  |d 2022-08-11  |e Donación  |i 5654110  |o 501 CEN 1986  |p 5654110  |r 2023-01-25  |t 1  |w 2022-08-11  |y BK_US  |k AGB